Detalles MARC
| 000 -LIDER |
| fixed length control field |
00947nam a22002777a 4500 |
| 003 - IDENTIFICACDOR DE NÚMERO DE CONTROL |
| control field |
DO-SdBPM |
| 005 - DATE AND TIME OF LATEST TRANSACTION |
| control field |
20250305080119.0 |
| 008 - ELEMENTOS DE LONGITUD FIJA |
| fixed length control field |
171123b2004 ch | 00| 0 spa d |
| 020 ## - ISBN |
| International Standard Book Number |
|
| 040 ## - FUENTE DE CATALOGACIÓN |
| Agencia que crea de manera original el registro |
DO-SdBPM |
| Idioma de catalogación |
spa |
| Agencia que realiza la transcripción |
BPMSU |
| 082 #4 - NÚMERO DE CLASIFICACIÓN DECIMAL DE DEWEY |
| Classification number |
782.42 |
| Item number |
M995f 2004 |
| Edition number |
22 |
| 245 00 - MENCIÓN DE TITULO |
| Título |
My first songs = Mis canciones en inglés |
| Subtítulo |
|
| 246 13 - VARIACION DEL TÍTULO |
| Título propiamente dicho o título corto |
Mis primeras canciones en inglés |
| 260 ## - PUBLICACIÓN, DISTRIBUCIÓN, ETC. (PIE DE IMPRENTA) |
| Lugar de publicación, distribución, etc |
China : |
| Nombre del editor, distribuidor, etc. |
Editorial Lexus, |
| Fecha de publicación, distribución, etc |
2004 |
| 300 ## - DESCRIPCIÓN FÍSICA |
| Extensión |
Varias paginaciones : |
| Otros detalles físicos |
ils.; |
| Dimensiones |
24 cm. |
| 500 ## - NOTA GENERAL |
| Nota general |
|
| 590 ## - NOTA LOCAL |
| Texto de la nota local |
Inventariado, 2025/VM |
| 650 #4 - ENCABEZAMIENTO DE MATERIA--TEMÁTICO |
| Término temático o nombre geográfico como elemento de entrada |
Inglés |
| Subdivisión temática general |
Enceñanzas |
| -- |
Canciones y música |
| 650 #4 - ENCABEZAMIENTO DE MATERIA--TEMÁTICO |
| Término temático o nombre geográfico como elemento de entrada |
Canciones |
| Subdivisión temática general |
Enseñanza. |
| 650 #4 - ENCABEZAMIENTO DE MATERIA--TEMÁTICO |
| Término temático o nombre geográfico como elemento de entrada |
Canciones infantiles |
| Subdivisión temática general |
|
| 710 2# - ASIENTO SECUNDARIO -- NOMBRE CORPORATIVO |
| Nombre corporativo o de jurisdicción |
Ediciones Lexus |
| 740 32 - ASIENTO SECUNDARIO DE TÍTULOS RELACIONADOS O ANALÍTICOS NO CONTROLADOS |
| Título analítico o relacionado no controlado |
El bolero en Colombia. |
| 740 32 - ASIENTO SECUNDARIO DE TÍTULOS RELACIONADOS O ANALÍTICOS NO CONTROLADOS |
| Título analítico o relacionado no controlado |
La canción colombiana : su historia, sus compositores, sus mejores intérpretes : 500 canciones armonizadas para guitarra. |
| 910 ## - VALIDACIÓN |
| Validación |
VMateo V. Control de calidad BPMSU |
| 942 ## - ADDED ENTRY ELEMENTS (KOHA) |
| Source of classification or shelving scheme |
Dewey Decimal Classification |
| Koha item type |
Libros |